| 000 | 00512nam a22001577a 4500 | ||
|---|---|---|---|
| 005 | 20231115065103.0 | ||
| 008 | 231115b |||||||| |||| 00| 0 eng d | ||
| 041 | _aEnglish | ||
| 082 | _a344.5 BLA | ||
| 100 |
_aBlackwell, L and Bamford, BR _lEnglish |
||
| 245 |
_aNewspaper Law of South Africa / _cL Blackwell and BR Bamford |
||
| 260 |
_aCape Town : _bJuta and Company Ltd, _c1963 |
||
| 300 |
_bxvi, 112 pages ; _c23 cm. |
||
| 650 |
_aLegal practice _bLaw |
||
| 942 |
_cBK _6ALISON_BN_VRIES |
||
| 999 |
_c645 _d645 |
||